[Event "Vojvodina-chT 2nd League"]
[Site "Backa Palanka"]
[Date "2020.10.22"]
[Round "9.6"]
[White "Budimirov, Lazar"]
[Black "Milanovic, Marko"]
[Result "0-1"]
[WhiteElo "2062"]
[BlackElo "2066"]
[PlyCount "76"]
[EventDate "2020.10.16"]
[EventType "team-tourn"]
[EventRounds "11"]
[EventCountry "SRB"]
[SourceTitle "EXT 2022"]
[Source "ChessBase"]
[SourceDate "2021.10.06"]
[SourceVersion "1"]
[SourceVersionDate "2021.10.06"]
[SourceQuality "1"]
[WhiteTeam "Starcevo Borac"]
[BlackTeam "Pancevo Gligoric"]
[WhiteTeamCountry "SRB"]
[BlackTeamCountry "SRB"]

1. e4 e5 2. Nf3 Nc6 3. Nc3 Nf6 4. Be2 d5 5. exd5 Nxd5 6. Nxd5 Qxd5 7. d3 Bc5 8. 0-0 0-0 9. h3 Bf5 10. Nh4 Be6 11. Be3 Nd4 12. Bxd4 Qxd4 13. Nf3 Qxb2 14. a4 Qc3 15. Nd2 Bd4 16. Rb1 Rab8 17. Ne4 Qa3 18. Qd2 Qxa4 19. c3 Bb6 20. Rb4 Qd7 21. Nf6+ gxf6 22. Qh6 Qe7 23. Rg4+ Bxg4 24. Bxg4 f5 25. Bxf5 f6 26. Re1 Rf7 27. Re4 Rg7 28. Rh4 Rf8 29. d4 Rff7 30. d5 Qc5 31. Qd2 Rf8 32. Be6+ Kh8 33. c4 f5 34. Qe2 f4 35. Qf3 Qd4 36. Rg4 e4 37. Rxf4 Qa1+ 38. Kh2 Qe5 0-1